000 00575nam a2200145Ia 4500
008 231129s2014||||xx |||||||||||||| ||spa||
020 _a978-958-8469-85-0
040 _bspa
082 _a303.69861 N964n
100 _aCentro Nacional de Memoria Histórica
245 0 _aNororiente y Magdalena Medio Llanos Orientales Suroccidente y Bogotá DC: Nuevos escenarios de conflicto armado y violencia. Panorama posacuerdos con AUC
260 _c2014
264 _aBogotá Colombia : Centro Nacional de Memoria Histórica :
942 _2ddc
_cBKS
999 _c21775
_d21775